书目信息 |
| 题名: |
无理数和无理式
|
|
| 作者: | ;中国数学会上海分会中学数学研究委员会 编 | |
| 分册: | ||
| 出版信息: | 上海 新知识出版社 1957 |
|
| 页数: | 56页 | |
| 开本: | 20cm | |
| 丛书名: | ||
| 单 册: | ||
| 中图分类: | O122.1 | |
| 科图分类: | ||
| 主题词: | 初等数学 | |
| 电子资源: | ||
| ISBN: | ||
| 000 | 00680nam0 2200181 450 | |
| 001 | 0635811350 | |
| 005 | 20060410095839.28 | |
| 010 | @dCNY0.18 | |
| 100 | @a20060410d1957 km y0chiy0120 ea | |
| 101 | 0 | @achi |
| 200 | 1 | @a无理数和无理式@Awu li shu he wu li shi@f中国数学会上海分会中学数学研究委员会编@Fzhong guo shu xue hui shang hai fen hui zhong xue shu xue yan jiu wei yuan hui bian |
| 210 | @a上海@c新知识出版社@d1957 | |
| 215 | 1 | @a56页@d20cm |
| 606 | 0 | @a初等数学 |
| 690 | @aO122.1@v4 | |
| 711 | 0 | @a中国数学会上海分会中学数学研究委员会@Azhong guo shu xue hui shang hai fen hui zhong xue shu xue yan jiu wei yuan hui@4编 |
| 801 | 0 | @aCN@bPFT@c20060410 |
| 905 | @a10447@dO122.1@e31 | |
| 无理数和无理式/中国数学会上海分会中学数学研究委员会编.-上海:新知识出版社,1957 |
| 56页;20cm |
| ISBN :CNY0.18 |
| ● |
| 相关链接 |
|
|
|
|
正题名:无理数和无理式
索取号:O122.1/31
 
预约/预借
| 序号 | 登录号 | 条形码 | 馆藏地/架位号 | 状态 | 备注 |
| 1 | 0007769 | 202230371 | 密集书库/ [索取号:O122.1/31] | 在馆 |